000 00734nas a2200241 4500
001 BR9509815
003 BR-BrBNA
005 20231205094817.0
007 ta
008 230509b bl.|||p| |||| 00| 00por d
040 _aBR-BrBNA
_bpor
_cBiblioteca Nacional de Agricultura
041 _a(Pt)
072 _aH20
100 1 _aMarques, L.L.R.
100 1 _aRosato, Y.B.
245 1 _aPatogenicidade de diferentes isolados de Xanthomonas campestris em hipocotilo de tomateiro
650 _aTomate
650 _aBacteria
650 _aPatogenicidade
773 0 _tFitopatologia Brasileira (Brazil)
_xISSN 0100-4158
_g(Jun 1995), v. 20(2) p. 244-247
_wBR9509815
909 _a202311
_bLúcia
_c55
_dLúcia Elande
942 _2AGRIS
_n0
_cANA
999 _c146999
_d146999